| 000 | 01707nam a2200529 i 4500 | ||
|---|---|---|---|
| 001 | 29643 | ||
| 003 | KOSZ 005 | ||
| 005 | 20210805084627.0 | ||
| 008 | 200212s1989 pl a g 001 0 pol | ||
| 015 | _aPB 1989/6487 | ||
| 020 | _a8321332900 | ||
| 020 | _a8321332919 | ||
| 035 | _a991002912969705066 | ||
| 035 | _a(PL-WaBN)b10789686-48omnis_nlop | ||
| 035 | _ab10789686 | ||
| 035 | _a(OCoLC)834770067 | ||
| 035 | _a(PL)b0000001078968 | ||
| 035 | _a(EXLNZ-48OMNIS_NETWORK)9910417693505606 | ||
| 040 |
_aWA N _cWA N _dKOSZ 005/RW _dKOSZ 005/HR |
||
| 046 | _k1989 | ||
| 080 | _a72.03(438) | ||
| 080 | _a69(438)(091) | ||
| 100 | 1 |
_aKrassowski, Czesław Witold _d(1917-1985) _eAutor |
|
| 245 | 1 | 0 |
_aDzieje budownictwa i architektury na ziemiach Polski. _nT. 1 / _cWitold Krassowski. |
| 260 |
_aWarszawa : _b"Arkady", _c1989. |
||
| 300 |
_a242, [2] strony : _bfotografie, mapy, portrety, rysunki ; _c25 cm. |
||
| 336 |
_aTekst _btxt _2rdacontent |
||
| 337 |
_aBez urządzenia pośredniczącego _bn _2rdamedia |
||
| 338 |
_aWolumin _bnc _2rdacarrier |
||
| 380 | _aKsiążki | ||
| 388 | _a1901-2000 | ||
| 388 | _a1945-1989 | ||
| 504 | _aIndeks. | ||
| 648 | 7 |
_a1001-1100 _2DBN |
|
| 648 | 7 |
_a1101-1200 _2DBN |
|
| 648 | 7 |
_a801-900 _2DBN |
|
| 648 | 7 |
_a 901-1000 _2DBN |
|
| 650 | 7 |
_aBudownictwo _2DBN |
|
| 651 | 7 | _aPolska | |
| 655 | 7 | _aArchitektura polska | |
| 658 | _aArchitektura i budownictwo | ||
| 658 | _aHistoria | ||
| 710 | 2 |
_aWydawnictwo Arkady _4pbl |
|
| 856 |
_uhttp://koha.tu.koszalin.pl/cgi-bin/koha/opac-detail.pl?biblionumber=29643 _yKatalog online BPK |
||
| 942 |
_2UKD _cKS |
||
| 999 |
_c29643 _d29643 |
||